000 00603cam a22002171 4500
001 ne 63000407
003 DLC
005 20260227111742.0
008 890523s1961 ua 000 0 ararc
010 _ane 63000407
025 _aPL480:UAR-1679
035 _a(OCoLC)19752862
040 _aPrinceton Univ. Libr for LC
_cWaU
_dWaU
_dDLC
042 _apremarc
050 0 0 _aPJ7521
_b.D33
100 1 _aDahhān, Sāmī.
245 1 0 _aQudamāʼ wa-muʻāṣirūn
_c[taʼlīf] Sāmī al-Dahhān.
260 _aMiṣr,
_bDār al-Maʻārif,
_c1961.
300 _a320 p.
_c24 cm.
650 0 _aAuthors, Arab.
999 _c45622
_d45622